<The> Realities of planning

Na minha lista:
Detalhes bibliográficos
Autor principal: Taylor, Bernard
Outros Autores: Hussey, David
Formato: Livro
Idioma:inglês
Publicado em: Oxford Pergamon Press 1982
Tags: Adicionar Tag
Sem tags, seja o primeiro a adicionar uma tag!

MARC

LEADER 00000nam a2200000 4500
001 c116005
005 20041019155203.3
041 0 |a eng 
044 |a GB 
245 1 0 |a <The> Realities of planning  |c Bernard Taylor, David Hussey 
264 1 |a Oxford  |b Pergamon Press  |c 1982 
300 |a 252 s. 
100 1 |a Taylor, Bernard 
700 1 |a Hussey, David